Employment of the mentally handicapped; (Record no. 37077)
[ view plain ]
| 000 -LEADER | |
|---|---|
| fixed length control field | 00649cam a22002051 4500 |
| 001 - CONTROL NUMBER | |
| control field | l 62000063 |
| 003 - CONTROL NUMBER IDENTIFIER | |
| control field | DLC |
| 005 - DATE AND TIME OF LATEST TRANSACTION | |
| control field | 20260227111546.0 |
| 008 - FIXED-LENGTH DATA ELEMENTS--GENERAL INFORMATION | |
| fixed length control field | 840914s1962 dcuc 000 0 eng |
| 010 ## - LIBRARY OF CONGRESS CONTROL NUMBER | |
| LC control number | l 62000063 |
| 040 ## - CATALOGING SOURCE | |
| Original cataloging agency | DLC/ICU |
| Transcribing agency | ICU |
| Modifying agency | DLC |
| 043 ## - GEOGRAPHIC AREA CODE | |
| Geographic area code | n-us--- |
| 050 00 - LIBRARY OF CONGRESS CALL NUMBER | |
| Classification number | HD7256.U5 |
| Item number | A57 1962 |
| 110 1# - MAIN ENTRY--CORPORATE NAME | |
| Corporate name or jurisdiction name as entry element | United States. |
| Subordinate unit | President's Committee on Employment of the Handicapped. |
| 245 10 - TITLE STATEMENT | |
| Title | Employment of the mentally handicapped; |
| Remainder of title | a group discussion. |
| 260 ## - PUBLICATION, DISTRIBUTION, ETC. | |
| Place of publication, distribution, etc. | Washington |
| Date of publication, distribution, etc. | [1962] |
| 300 ## - PHYSICAL DESCRIPTION | |
| Extent | iii, 28 p. |
| Other physical details | ports. |
| Dimensions | 23 cm. |
| 500 ## - GENERAL NOTE | |
| General note | Cover title. |
| 650 #0 - SUBJECT ADDED ENTRY--TOPICAL TERM | |
| Topical term or geographic name entry element | People with mental disabilities |
| General subdivision | Employment |
| Geographic subdivision | United States. |
No items available.